[Event "GER Seniors Derby 01st"]
[Site "Germany"]
[Date "2002.08.15"]
[Round "2"]
[White "Reinemann, Guenter"]
[Black "Lippert, Werner"]
[Result "0-1"]
[WhiteElo "1825"]
[BlackElo "2123"]
[PlyCount "82"]
[EventDate "2002.08.??"]
[EventType "swiss"]
[EventRounds "7"]
[EventCountry "GER"]
[SourceTitle "EXT 2006"]
[Source "ChessBase"]
[SourceDate "2005.11.24"]
[SourceVersion "1"]
[SourceVersionDate "2005.11.24"]
[SourceQuality "1"]

1. e4 g6 2. Nc3 Bg7 3. Nf3 c6 4. d4 d5 5. Be2 Bg4 6. Be3 e6 7. 0-0 Ne7 8. Qd2 h5 9. h3 Bxf3 10. Bxf3 dxe4 11. Bxe4 Nd7 12. Rad1 Nb6 13. Bg5 Qd6 14. Bf4 Qd7 15. b3 0-0-0 16. Ne2 Nbd5 17. Bh2 b6 18. c4 Nc7 19. Qb4 Kb7 20. Qa4 f5 21. Bf3 g5 22. g4 hxg4 23. hxg4 f4 24. b4 Kb8 25. Rd3 b5 26. cxb5 cxb5 27. Qa5 Ncd5 28. a4 bxa4 29. Rc1 Nc8 30. Rc5 Ncb6 31. Rb5 Bf6 32. Bxd5 exd5 33. Nxf4 gxf4 34. Bxf4+ Kb7 35. f3 Qh7 36. Rd2 Qh1+ 37. Kf2 Rhe8 38. g5 Qh4+ 39. Bg3 Qxg5 40. Rc2 Bxd4+ 41. Kg2 Be5 0-1